Biblioteca

Mi dia de Suerte / Keiko Kasza, Traducción : Cristina Puerta (Registro nro. 47289)

Detalles MARC
000 -LÍDER
Campo fijo de descripción fija 004760000a22001930004500
001 - NÚMERO DE CONTROL
Campo de control 29
003 - IDENTIFICADOR DEL NÚMERO DE CONTROL
Campo de control CO-MdFUSB
005 - FECHA Y HORA DE LA ULTIMA TRANSACCIÓN
control field 20170719154547.0
008 - ELEMENTOS DE LONGITUD FIJA -- INFORMACIÓN GENERAL
Campo fijo de descripción fija -- Información general 170607b xxu||||| |||| 00| 0 eng d
020 ## - NÚMERO INTERNACIONAL NORMALIZADO PARA LIBROS
Número Internacional Normalizado del libro 958-04-7967-4
040 ## - FUENTE DE CATALOGACIÓN
Agencia que realiza la transcripción CO-MdBIC
082 04 - NÚMERO DE CLASIFICACIÓN DECIMAL DEWEY
Número de clasificación 863C B862di
100 1# - ASIENTO PRINCIPAL--NOMBRE PERSONAL
Nombre personal Kasza, Keiko
245 10 - TÍTULO
Título del Material Mi dia de Suerte / Keiko Kasza, Traducción : Cristina Puerta
260 ## - PUBLICACIÓN, DISTRIBUCIÓN, ETC. (PIE DE IMPRENTA)
Lugar de publicación, distribución, etc. Bogota : Norma
300 ## - DESCRIPCIÓN FÍSICA
Extensión [ 32 P.]
650 14 - ASIENTO SECUNDARIO DE MATERIA - TERMINO TEMÁTICO
Término temático o nombre geográfico como elemento de entrada Literatura infantil
942 ## - TIPO DE MATERIAL (KOHA)
Tipo de Item KOHA Z- Libro General BINCO
Existencias
Estado de Material Estado de Perdido Forma de Clasificación Volumen-Parte/Tomo Estado de Dañado No para Préstamo Tomo Biblioteca de Origen Biblioteca Permanente Fecha de Adquisición Total de Préstamos Signatura Topográfica Código de Barras Última vez visto Ejemplar/Existencia Fecha de Remplazo Tipo de Material Total de Renovaciones Última vez Préstado
    Dewey Decimal Classification         Biblioteca Infantil Comunitaria BINCO Biblioteca Infantil Comunitaria BINCO 05/12/2005   863C B862di B30146 24/11/2016 1 26/01/2016 Z- Libro General BINCO    
    Dewey Decimal Classification         Biblioteca Infantil Comunitaria BINCO Biblioteca Infantil Comunitaria BINCO 21/07/2009 2 863C B862di2 B31944 15/10/2019 2 26/01/2016 Z- Libro General BINCO 1 17/09/2019

Biblioteca FUSBC | Teléfono: (57+4) 349 88 10 Ext. 141| WhatsApp (+57) 3005338115 
E-mail: biblioteca@unisbc.edu.co | Calle 76 87-14 Robledo Palenque, Medellín, Colombia

Con tecnología Koha